Представление документа в формате RUSMARC

ПолеНазваниеЗначение
  Тип записи a
  Библиографический уровень m
001 Контрольный номер RU/УОНБ/EK/510923934
005 Дата корректировки 20250520121948.7
100 Данные общей обработки __
a Данные общей обработки 20160310g2014 u y0rusy0189||||ca
101 Язык документа 0_
a Язык текста rus
102 Страна публикации __
a Страна публикации RU
105 Кодированные данные (монография) __
a Кодированные данные (монография) a z 000yy
200 Заглавие и сведения об ответственности 1_
a Заглавие Творчество В.В. Маяковского
f Первые сведения об ответственности Рос. акад. наук, Ин-т мировой лит. им. А.М. Горького
g Последующие сведения об ответственности отв. ред., сост. В.Н. Терехина
210 Выходные данные 1_
a Место издания Москва
c Издательство ИМЛИ РАН
d Дата издания 2014 -
215 Физическое описание __
d Формат 22 см
686 Индексы других классификаций __
2 Код системы rubbk
702 Вторичная интеллектуальная ответственность _1
a Фамилия Терехина
b Имя (инициалы) В.Н.
4 Код отношения 340
4 Код отношения 220
712 Наименование организации (Вторичная ответственность) 02
a Организация/ юрисдикция Российская академия наук
b Другие уровни Институт мировой литературы им. А.М. Горького
4 Код отношения 570
801 Источник записи _0
a Страна RU
b Организация Ульяновская ОНБ
c Дата составления 20160310
g Правила каталогизации RCR
801 Источник записи _1
a Страна RU
b Организация Ульяновская ОНБ
c Дата составления 20160310
g Правила каталогизации RCR
901 Тип документа __
t Тип документа v
909 Создатель записи __
a Создатель записи Макушик
938 Служебная информация __
a Имя БД books
b Имя библиотеки УОНБ
c Имя АИБС МАРК-SQL
d Номер DOC_ID в БД 322258